| 000 | 00660nam a2200169 i 4500 | ||
|---|---|---|---|
| 001 | 55959 | ||
| 003 | ES-MaACL | ||
| 005 | 20230906163245.0 | ||
| 007 | t| | ||
| 008 | 031001s1956 sp ||||1| spa d | ||
| 100 | 1 |
_aDíaz González, Joaquín. _944297 |
|
| 245 | 1 | 0 |
_aDescubrimiento de un grande secreto del arte en el "Juicio Universal" de Miguel Angel _b: el perfil colosal de Dante : la imagen inmensa de Cristo muerto / _cJoaquín Díaz González. |
| 250 | _a2ª ed. aum., mejorada y enriquecida con numerosas lám. | ||
| 260 |
_aBarcelona : _b[s.n.], _c1956 ( _fSeix Barral) |
||
| 300 |
_a142 p., 31 cm ; _c31 cm. |
||
| 852 |
_aES-MaACL _jC-11196 _bR.39163 |
||
| 999 |
_c55959 _d55959 |
||